Quick Pick: 'L' Food Quiz Stats

 Plays Quiz Updated Dec 4, 2018

Support Sporcle.
Go Orange.
Score 0/15 Timer 01:00
3 Plays Today
% Correct
lobster
98%
lasagne
97.9%
lettuce
97.7%
licorice
96.5%
lemongrass
95.8%
lentil
95.7%
leek
95.6%
linguine
95.1%
% Correct
liverwurst
93.4%
lychee
91.4%
langoustine
76.7%
latke
73.4%
loquat
56.4%
lekvar
23.7%
lobscouse
23.1%

Today's Daily Dose

You're not logged in!

Compare scores with friends on all Sporcle quizzes.
OR
Log In
Forgot?

From the Vault

10 Closest US Capitals to Tijuana

by guilherme_4

We suggest not drinking the worm while you're down there.
Remove Ads.
Support Sporcle.
Get the best of Sporcle when you Go Orange. This ad-free experience offers more features, more stats, and more fun while also helping to support Sporcle. Thank you for becoming a member.

Show Comments

Extras

Top Quizzes Today


Score Distribution

Your Account Isn't Verified!

In order to create a playlist on Sporcle, you need to verify the email address you used during registration. Go to your Sporcle Settings to finish the process.

Report this User

Report this user for behavior that violates our Community Guidelines.

Details: